|
|
|
|
| LEADER |
00689nam a22001937a 4500 |
| 020 |
|
|
|a 81-240-0419-6
|
| 082 |
|
|
|a 894.M4
|b PIL/O N7
|
| 100 |
|
|
|a ജി എ൯ പിള്ള;
|9 282318
|
| 100 |
|
|
|a G N Pillai
|9 282319
|
| 240 |
|
|
|a Ormayil Oru Thamara
|
| 245 |
|
|
|a ഓ൪മ്മയില് ഒരു താമര
|
| 250 |
|
|
|a 1st
|
| 260 |
|
|
|a Kozhikode;
|b Mulberry Publications;
|c 1997
|
| 300 |
|
|
|a 82p.
|
| 650 |
|
|
|a മലയാളം;
|9 282320
|
| 650 |
|
|
|a Malayalam; Essay
|9 282321
|
| 942 |
|
|
|c BK
|
| 999 |
|
|
|c 44975
|d 44975
|
| 952 |
|
|
|0 0
|1 0
|4 0
|6 894_000000000000000_M4_PIL_O_N7
|7 0
|8 ESS
|9 52151
|a MAL
|b MAL
|d 2015-11-16
|e 43049
|g 33.00
|l 0
|o 894.M4 PIL/O N7
|p MAL043049
|r 2015-11-16
|t 1
|w 2015-11-16
|y BK
|